LEADER 01756nam 2200541 a 450 001 9910458629403321 005 20200520144314.0 010 $a1-60780-141-8 035 $a(CKB)2560000000010328 035 $a(EBL)535645 035 $a(OCoLC)645093664 035 $a(SSID)ssj0000671964 035 $a(PQKBManifestationID)11396405 035 $a(PQKBTitleCode)TC0000671964 035 $a(PQKBWorkID)10633022 035 $a(PQKB)11397720 035 $a(OCoLC)712989884 035 $a(MiAaPQ)EBC535645 035 $a(Au-PeEL)EBL535645 035 $a(CaPaEBR)ebr10389048 035 $a(EXLCZ)992560000000010328 100 $a20150406h20101993 uy 0 101 0 $aeng 135 $aur|n|---||||| 181 $ctxt 182 $cc 183 $acr 200 10$aBolivia$b[electronic resource] $ewomen in culture, business & travel /$fWorld Trade Press 205 $a2nd ed. 210 $aPetaluma, Calif. $cWorld Trade Press$dc1993-2010 [2010] 215 $a1 online resource (8 p.) 300 $aCover title. 330 $aWomen often occupy different roles in a foreign culture. Avoid offensive assumptions and behavior by understanding the position of women in Bolivian society: their legal rights; access to education and health care; workforce participation; and their dating, marriage, and family life. 606 $aWomen$zBolivia 606 $aWomen travelers$zBolivia 606 $aBusinesswomen$zBolivia 608 $aElectronic books. 615 0$aWomen 615 0$aWomen travelers 615 0$aBusinesswomen 676 $a305.42/09/05 801 0$bMiAaPQ 801 1$bMiAaPQ 801 2$bMiAaPQ 906 $aBOOK 912 $a9910458629403321 996 $aBolivia$91250464 997 $aUNINA LEADER 01115nam a2200289 i 4500 001 991000457609707536 008 091125s2009 it a b 000 0 ita d 020 $a9788896181003 035 $ab1386029x-39ule_inst 040 $aDip.to Matematica$beng 082 0 $a509 084 $aAMS 01A05 084 $aZDM D14 245 03$aUn "Leonardo" del Novecento :$bLeonardo Sinisgalli (1908-1981) /$ca cura di Gian Italo Bischi e Pietro Nastasi 260 $aMilano :$bUniversità Bocconi, Centro Pristem,$c2009 300 $axxii, 235 p. :$bill. ;$c23 cm 490 1 $aPRISTEM/Storia. Note di matematica, storia, cultura ;$v23-24 504 $aIncludes bibliographical references 600 14$aSinisgalli, Leonardo$d<1908-1981> 700 1 $aNastasi, Pietro 700 1 $aBischi, Gian Italo 907 $a.b1386029x$b23-01-19$c25-11-09 912 $a991000457609707536 945 $aLE013 01A PRI114 (2009)$g1$i2013000296463$lle013$og$pE20.00$q-$rl$s- $t0$u0$v0$w0$x0$y.i15598688$z18-03-14 996 $a"Leonardo" del Novecento$9231170 997 $aUNISALENTO 998 $ale013$b25-11-09$cm$da $e-$fita$git $h3$i0